| 000 | 00622nam a2200193 a 4500 | ||
|---|---|---|---|
| 005 | 20230510063745.0 | ||
| 008 | 991125m19721977mx 000 0 spa u | ||
| 035 | _aUPN01000045968 | ||
| 049 | _aCG | ||
| 050 | 4 |
_aHQ56 _bS4.68 |
|
| 245 | 0 | 0 |
_aPreguntas del adolescente en su desarrollo psico-sexual / _ccomp. por Isidoro Rubín ; tr. por Carmen Viqueiro de Palerm. |
| 260 |
_aMéxico : _bPax-México, _c1972 (1977 impr.). |
||
| 300 | _a274 p. | ||
| 440 | 0 | _aEducación sexual | |
| 650 | 4 |
_aEducación sexual _97445 |
|
| 650 | 4 |
_aJUVENTUD - _xCONDUCTA SEXUAL _925753 |
|
| 700 | 1 |
_aRubín, Isidoro, _ecomp. |
|
| 905 | _aLibro | ||
| 999 |
_c45968 _d45968 |
||